| 000 | 00723nam a22001817a 4500 | ||
|---|---|---|---|
| 005 | 20100804120615.0 | ||
| 010 | _aENG-98125 | ||
| 035 | _aEN-81658 | ||
| 037 | _bDBAD/PUB | ||
| 082 | _a346.540682 | ||
| 245 | _aThe limited liability partnership act, 2008 / | ||
| 260 |
_aDelhi _bUniversal Law Publishing _c2009 |
||
| 270 |
_aC-FF-1A, Dilkhush Industrial Estate,(Opp. Hans Cinema, Azadpur) G.T. Karnal Road _bDelhi _e110033 |
||
| 300 |
_avi, 159p. _c24cm (pbk) |
||
| 650 |
_aLimited liability partnership _zIndia _95850 |
||
| 942 |
_2ddc _cEN _h346.540682 _mLIM |
||
| 999 |
_c39161 _d39161 |
||